Chance the winds of fortune / (Запис № 479489)

МАРК-запис
000 -LEADER
fixed length control field 01247cam a2200301Ii 4500
001 - CONTROL NUMBER
control field chancewindsoffor00mcba
003 - CONTROL NUMBER IDENTIFIER
control field CaSfIA
005 - DATE AND TIME OF LATEST TRANSACTION
control field 20210117223245.0
007 - PHYSICAL DESCRIPTION FIXED FIELD--GENERAL INFORMATION
fixed length control field cr||||
008 - FIXED-LENGTH DATA ELEMENTS--GENERAL INFORMATION
fixed length control field 800723s1980 nyu 000 1 eng d
010 ## - LIBRARY OF CONGRESS CONTROL NUMBER
LC control number 80066751
040 ## - CATALOGING SOURCE
Original cataloging agency TDS
Transcribing agency TDS
Modifying agency OCLCQ
-- YDXCP
-- CaSfIA
020 ## - INTERNATIONAL STANDARD BOOK NUMBER
International Standard Book Number 0380757966 (pbk.) :
Terms of availability $2.95
020 ## - INTERNATIONAL STANDARD BOOK NUMBER
International Standard Book Number 9780380757961 (pbk.)
035 ## - SYSTEM CONTROL NUMBER
System control number (OCoLC)6541792
082 04 - DEWEY DECIMAL CLASSIFICATION NUMBER
Classification number 813/.5/4
029 1# - (OCLC)
OCLC library identifier UNITY
System control number 048322598
029 1# - (OCLC)
OCLC library identifier UKWLT
System control number 255227
100 1# - MAIN ENTRY--PERSONAL NAME
Personal name McBain, Laurie.
245 10 - TITLE STATEMENT
Title Chance the winds of fortune /
Medium [electronic resource]
Statement of responsibility, etc Laurie McBain.
260 ## - PUBLICATION, DISTRIBUTION, ETC. (IMPRINT)
Place of publication, distribution, etc New York :
Name of publisher, distributor, etc Avon,
Date of publication, distribution, etc 1980.
300 ## - PHYSICAL DESCRIPTION
Extent 505 p. ;
Dimensions 18 cm.
506 ## - RESTRICTIONS ON ACCESS NOTE
Standardized terminology for access restriction Необхідна авторизація на https://archive.org/ (створення облікового запису безкоштовно)
506 ## - RESTRICTIONS ON ACCESS NOTE
Standardized terminology for access restriction Необхідна авторизація на https://openlibrary.org/ (створення облікового запису безкоштовно)
856 41 - ELECTRONIC LOCATION AND ACCESS
Uniform Resource Identifier <a href="http://www.archive.org/details/chancewindsoffor00mcba">http://www.archive.org/details/chancewindsoffor00mcba</a>
Public note Free eBook from the Internet Archive
856 42 - ELECTRONIC LOCATION AND ACCESS
Uniform Resource Identifier <a href="http://www.openlibrary.org/books/OL24372057M">http://www.openlibrary.org/books/OL24372057M</a>
Public note Additional information and access via Open Library
942 ## - ADDED ENTRY ELEMENTS (KOHA)
Koha item type ЕКнига

Немає доступних примірників.